Suomen kaupungit ruotsiksi - Statistics

Yleistilastot
  • Tätä visaa on pelattu 165 kertaa
    157 viimeisimmän päivityksen jälkeen
  • Keskiarvotulos 15 / 20
Vastaustilastot
Suomalainen nimi Ruotsinkielinen nimi % Oikein
Kaupunki Helsinki Helsingfors
98%
Kaupunki Vaasa Vasa
97%
Kaupunki Espoo Esbo
96%
Kaupunki Tampere Tammerfors
95%
Kaupunki Turku Åbo
94%
Kaupunki Vantaa Vanda
91%
Kaupunki Oulu Uleåborg
88%
Kaupunki Maarianhamina Mariehamn
81%
Kaupunki Porvoo Borgå
80%
Kaupunki Lahti Lahtis
80%
Kaupunki Hämeenlinna Tavastehus
80%
Kaupunginosa Pasila Böle
78%
Kaupunki Hyvinkää Hyvinge
76%
Kaupunki Pori Björneborg
73%
Kaupunki Tornio Torneå
72%
Kaupunginosa Töölö Tölö
68%
Kaupunginosa Tikkurila Dickursby
61%
Kaupunginosa Kamppi Kampen
61%
Kaupunginosa Suomenlinna Sveaborg
42%
Kaupunginosa Hietalahti Sandviken
20%
Ehtoja vastaavia visoja ei löytynyt
Tulosjakauma
Jokaisen tuloksen saaneiden osuus
Persentiili vastausten määrän mukaan
Tuloshistoriasi
Et ole pelannut tätä visaa sen viimeisimmän päivityksen jälkeen